Estádios do Supermundial 2025 - Statistics

Estatísticas Gerais
  • Esse quiz foi jogado 11 vezes
  • A pontuação média é 4 de 12
Estatísticas das Respostas
Cidade Estádio % Correto
Nova York, NY MetLife Stadium
82%
Pasadena, CA Rose Bowl
82%
Miami, FL Hard Rock Stadium
73%
Atlanta, GA Mercedes-Benz Stadium
64%
Seattle, WA Lumen Field
36%
Filadélfia, PA Lincoln Financial Field
27%
Orlando, FL Inter&Co Stadium
18%
Washington D.C Audi Field
9%
Charlotte, NC Bank of America Stadium
9%
Orlando, FL Camping World Stadium
9%
Nashville, TN Geodis Park
9%
Cincinnati, OH TQL Stadium
9%
Nenhum quiz correspondente encontrado
Distribuição das Pontuações
Porcentagem de Pessoas com Cada Pontuação
Percentil de Números Respondidos
Sua Pontuação Histórica
Você não jogou esse quiz